000 00615nam a22002297a 4500
003 UA-OsUOA
001 47585
007 ta
008 20070809b un ||||| |||| 00| 0 ukr d
100 _aМакаренко А. С.
090 _a821.161.1
_bМ15
942 _cBK
040 _aUA-OsUOA
_brus
_cUA-OsUOA
_dUA-OsUOA
245 _aПедагогическая поэма
300 _a512 с.
955 _a3
041 _arus
080 _a821.161.1
260 _aК.
_bРадянська школа
_c1987
650 7 _a82 Література. Літературознавство
_2UDC
999 _c333683
_d333683